Statistiche per Quiz sulla Groenlandia

Clicka qui per fare il quiz!

Statistiche generali

  • Questo quiz è stato fatto 317 volte
  • Il punteggio medio è 11 su 16

Statistiche sulle risposte

ClueRisposta% Corretto
La Groenlandia è una parte autonoma di questo PaeseDanimarca
99%
Paesi più vicini alla GroenlandiaCanada
95%
Paesi più vicini alla GroenlandiaIslanda
94%
Nazione che ha offerto 100 milioni di dollari per acquistare la GroenlandiaStati Uniti
92%
Popolazione che si insediò in Groenlandia dal 986 d.C.Vichinghi
77%
L'88% dei groenlandesi fanno parte di questo gruppo etnicoI{nuit}
76%
CapitaleNuuk
73%
Alimento che rappresenta la maggior esportazione del PaesePesce
70%
Animale che compare sullo stemma del PaeseOrso Polare
60%
Grosso bovino che vive nel nord del PaeseBue M{uschiato}
56%
Purtroppo, la Groenlandia ha un tasso di _____ quasi il doppio di quello di qualsiasi altro paese del mondo Suicidi
56%
Persona che ha fondato questi insediamentiErik il Rosso
55%
Lingua ufficialeGroenlandese
48%
Proiezione cartografica che fa sembrare la Groenlandia grande quasi quanto l'Africa, anche se l'Africa è 14 volte più grande Proiezione di {Mercatore}
47%
Animale trovato al largo della costa della Groenlandia e che si pensa sia il vertebrato che abbia avuto la vita più lunga (300-500 anni){Squalo} della Groenlandia
46%
L'81% dell'area della Groenlandia è coperta da questo{Calotta} glaciale della Groenlandia
37%

Distribuzione punteggi

Percentile per numero di risposta

Percentuale di utenti per punteggio

I tuoi punteggi nel tempo

Non hai fatto questo quiz